000 01576nam a2200481 a 4500
003 AR-BaBNM
005 20251128204200.0
008 082120s2002 ||||||||||||||000 | spa||
020 _a950-06-1964-4
040 _cAR-BaBNM
245 0 0 _aLengua, lenguaje y escolaridad
260 _aBuenos Aires
_bEditorial Médica Panamericana
_c1985
300 _a293 p.
_bgráfs., il.
504 _aContiene bibliografía
650 4 _aEDUCACION ESPECIAL
650 4 _aDESARROLLO DEL LENGUAJE
650 4 _aPROCESO DE APRENDIZAJE
650 4 _aDESARROLLO COGNOSCITIVO
650 4 _aESTIMULOS AUDITIVOS
650 4 _aESTIMULOS VISUALES
650 4 _aTRASTORNOS DEL HABLA
650 4 _aPROBLEMAS DE LA COMUNICACION
650 4 _aTRASTORNOS DEL HABLA
650 4 _aPSICOTERAPIA
650 4 _aPROBLEMAS EMOCIONALES
650 4 _aPSICOMOTRICIDAD
653 _aCONSTRUCTIVISMO
653 _aDISCAPACIDAD AUDITIVA
653 _aDISCAPACIDAD MOTORA
653 _aORIENTACION EDUCATIVA
700 1 _aSchrager, Orlando L.
_edirector
700 1 _aBouvet de Banchero, Lidia Haydée
_ecolaborador
700 1 _aBraier, Jorge Luis
_ecolaborador
700 1 _aDaneri, Graciela Margarita
_ecolaborador
700 1 _aDe la Quintana, Eva Malvina
_ecolaborador
700 1 _aD'Elia, Nelly
_ecolaborador
700 1 _aGalián, María Celia
_ecolaborador
700 1 _aPerícoli, Blanca Laura Chevalier de
_ecolaborador
700 1 _aRozental, María Cecilia Lien de
_ecolaborador
700 1 _aTormakh, Enrique Eduardo
_ecolaborador
942 _cBK
998 _cGrace
999 _c6504
_d6504